Towards quality education : (Record no. 68043)

MARC details
000 -LEADER
fixed length control field 00586nam a22001577a 4500
005 - DATE AND TIME OF LATEST TRANSACTION
control field 20120618121345.0
020 ## - INTERNATIONAL STANDARD BOOK NUMBER
Terms of availability 80.00
035 ## - SYSTEM CONTROL NUMBER
System control number B-29795
037 ## - SOURCE OF ACQUISITION
Stock number DPL
Source of stock number/acquisition ENG
100 ## - MAIN ENTRY--PERSONAL NAME
Personal name Khare, Prem Shanker
245 ## - TITLE STATEMENT
Title Towards quality education :
Remainder of title Approach modules for educators, planners and parents /
Statement of responsibility, etc by Prem Shanker Khare
260 ## - PUBLICATION, DISTRIBUTION, ETC. (IMPRINT)
Place of publication, distribution, etc Allahabad
Name of publisher, distributor, etc Educational Forum
Date of publication, distribution, etc 1998
300 ## - PHYSICAL DESCRIPTION
Extent 112p.
Dimensions 18 cms.
942 ## - ADDED ENTRY ELEMENTS (KOHA)
Source of classification or shelving scheme Dewey Decimal Classification
Item type English Books
Classification part 370.1
Call number suffix KHA
Holdings
Withdrawn status Lost status Not for loan Collection code Home library Current library Date acquired Cost, normal purchase price Full call number Barcode Cost, replacement price Koha item type
      Non-fiction Sarojini Nagar Sarojini Nagar 18/06/2012 80.00 370.1 KHA B-29795 80.00 English Books

© Delhi Public Library
Hit Counter
free hit counter